Airplane aerodynamics, 4/e (Record no. 291690)
[ view plain ]
| 000 -LEADER | |
|---|---|
| fixed length control field | 00542 a2200169 4500 |
| 001 - CONTROL NUMBER | |
| control field | 56617 |
| 082 ## - DEWEY DECIMAL CLASSIFICATION NUMBER | |
| Classification number | 629.1323 DOM |
| 090 ## - LOCALLY ASSIGNED LC-TYPE CALL NUMBER (OCLC); LOCAL CALL NUMBER (RLIN) | |
| -- | 34837 |
| -- | 34837 |
| 100 ## - MAIN ENTRY--PERSONAL NAME | |
| Personal name | Dommasch, Daniel O ; Sydney S. Sherby; Thomas F. C. |
| -- | Sydney S. Sherby; Thomas F. C. |
| 245 ## - TITLE STATEMENT | |
| Title | Airplane aerodynamics, 4/e |
| Statement of responsibility, etc. | Daniel O Dommasch |
| 250 ## - EDITION STATEMENT | |
| Edition statement | 4 |
| 260 ## - PUBLICATION, DISTRIBUTION, ETC. | |
| Place of publication, distribution, etc. | USA |
| Name of publisher, distributor, etc. | Putnam |
| Date of publication, distribution, etc. | 2004 |
| 300 ## - PHYSICAL DESCRIPTION | |
| Extent | 624 p. |
| Other physical details | photocopy [ 12244-12281 origional copy] |
| 500 ## - GENERAL NOTE | |
| General note | BE textbook Aerospace |
| 520 ## - SUMMARY, ETC. | |
| Summary, etc. | BE textbook Aerospace |
| 600 ## - SUBJECT ADDED ENTRY--PERSONAL NAME | |
| Personal name | Sydney S. Sherby; Thomas F. C. |
| 942 ## - ADDED ENTRY ELEMENTS (KOHA) | |
| Institution code [OBSOLETE] | NUST-CAE |
| Call number prefix | 629.1323 DOM |
| Withdrawn status | Lost status | Damaged status | Not for loan | Collection code | Permanent Location | Current Location | Date acquired | Total Checkouts | Full call number | Barcode | Date last seen | Price effective from | Koha item type |
|---|---|---|---|---|---|---|---|---|---|---|---|---|---|
| College of Aeronautical Engineering (CAE) | College of Aeronautical Engineering (CAE) | 04/03/2017 | 629.1323 DOM | CAE79531 | 04/05/2017 | 04/05/2017 | Book |
